000 00487nam a2200157 i 4500
001 42241
003 ES-MaACL
005 20230906160555.0
007 t|
008 030313s1971 sp ||||1| spa d
100 1 _aCecchini, Tina.
_937315
245 1 0 _aEnciclopedia práctica de floricultura y jardinería /
_cTina Cecchini.
260 _aBarcelona :
_bDe Vecchi,
_c[1971] (
_fPub. reunidas)
300 _a585 p., 24 lám. col. :
_bil. ;
_c25 cm.
852 _aES-MaACL
_jC-43468
_bR.80025
999 _c42241
_d42241